000 00522nam a2200205Ia 4500
005 20250115004818.0
008 240331s9999 xx 000 0 und d
020 _a0803952309
082 _bSTU
_23404
_a305.3
245 0 _aGender Issues in Contemporary Society
260 _aNewbury Park
_aLondon
_aNew Delhi
_bSage Publications
_c1993
300 _axii, 234 p.,
650 _aGender
650 _aSociety
650 _aWomen
650 _aMen
700 _aOskamp, S
_eedt
700 _aCostanzo, M
_eedt
942 _cL
999 _c1577
_d1577